Statistics for Biggest British Cities within 50 Kilometres

Click here to take the quiz!

General Stats

  • This quiz has been taken 53 times
  • The average score is 22 of 29

Answers on the Map

Answers color-coded by a green-red scale on the quiz's map according to % correct below.
Loading ...
 

Answer Stats

Population City % Correct
8,992,166London
100%
603,080Glasgow
98%
503,127Manchester
98%
751,485Leeds
94%
468,720Edinburgh
94%
333,871Belfast
94%
1,092,330Birmingham
91%
428,234Bristol
91%
189,120Aberdeen
91%
280,177Newcastle upon Tyne
91%
236,882Southampton
89%
273,369Brighton & Hove
89%
239,023Swansea
87%
79,415Inverness
83%
256,406Kingston upon Hull
81%
329,839Leicester
81%
153,990Dundee
77%
132,512Norwich
74%
151,906Oxford
74%
107,877Derry
72%
256,384Plymouth
68%
117,773Exeter
68%
107,524Carlisle
60%
93,541Lincoln
53%
121,688Gloucester
51%
18,766Truro
51%
151,145Canterbury
49%
18,808Bangor
47%
183,631Peterborough
43%

Score Distribution

Percentile by Number Answered

Percent of People with Each Score

Your Score History

You have not taken this quiz